| 000 | 00623nam a22001697a 4500 | ||
|---|---|---|---|
| 003 | OSt | ||
| 005 | 20240620111619.0 | ||
| 008 | 240620b ||||| |||| 00| 0 eng d | ||
| 040 | _cAIMIT LIBRARY | ||
| 100 |
_aB, Varshini. _e2116194 _9171268 |
||
| 245 |
_aStudy on budgeting and budgetary control with special reference to Mangalore chemicals and fertilizers / _cBy Varshini B ; Guided by Swapna Rose. |
||
| 260 |
_aMangalore _c2023 |
||
| 650 |
_aStatement of the problem _9171269 |
||
| 700 |
_aRose, Swapna. _eGuide _9171270 |
||
| 856 |
_3MCF Mangalore Chemicals & Fertilizers Limited _ywwwchemicals.com |
||
| 942 |
_2ddc _cPRO |
||
| 999 |
_c231253 _d231253 |
||